000 00593nam a2200181 i 4500
001 bg
245 0 _aPaliwa alternatywne do silników spalinowych :
_bmateriały na konferencję naukową w dniach 23-24. /
_cInstytut Budownictwa, Mechanizacji i Elektryfikacji Rolnictwa
_n3.
_n993.
260 _aWarszawa :
_bIBMER,
_c1993.
300 _a123 s. :
_brys. ;
_c21 cm.
650 9 _aSilniki spalinowe
650 9 _aPaliwa
655 _aMateriały konferencyjne
040 _cBPK
041 0 _apl
080 _a662.6/.7:621.43](061.3)
942 _cKS
008 s pl f |000 0 pol
999 _c31185
_d31185
856 _uhttp://koha.tu.koszalin.pl/cgi-bin/koha/opac-detail.pl?biblionumber=31185
_yKatalog online BPK